书目信息 |
| 题名: |
材料学的方法论=Methodology Of Materialogy
|
|
| 作者: | 肖纪美 主编 | |
| 分册: | ||
| 出版信息: | 北京 冶金工业出版社 1994.12 |
|
| 页数: | 382页 | |
| 开本: | 32开 | |
| 丛书名: | ||
| 单 册: | ||
| 中图分类: | TB3 | |
| 科图分类: | ||
| 主题词: | 工程材料 | |
| 电子资源: | ||
| ISBN: | 7-5024-1512-2 | |
| 000 | 00598nam0 2200193 45 | |
| 001 | 0010231632 | |
| 005 | 20001023163623.2 | |
| 010 | @a7-5024-1512-2@d15.60元 | |
| 100 | @a20001023d1994 km y0chiy0120 ea | |
| 101 | 0 | @achi |
| 105 | @a z 000yy | |
| 200 | 1 | @a材料学的方法论=Methodology Of Materialogy@ACai Liao Xue De Fang Fa Lun=Methodology Of Materialogy@f肖纪美主编@FXiao Ji Mei Zhu Bian |
| 210 | @a北京@c冶金工业出版社@d1994.12 | |
| 215 | @a382页@d32开 | |
| 606 | 0 | @a工程材料 |
| 690 | @aTB3@v3 | |
| 701 | 0 | @a肖纪美@4主编 |
| 801 | @aCN@bPftUser@c20001023 | |
| 905 | @b184243-247@dTB3@eX503@f5 | |
| 材料学的方法论=Methodology Of Materialogy/肖纪美主编.-北京:冶金工业出版社,1994.12 |
| 382页;32开 |
| ISBN 7-5024-1512-2:15.60元 |
| ● |
| 相关链接 |
|
|
|
正题名:材料学的方法论=Methodology Of Materialog
索取号:TB3/X503
 
预约/预借
| 序号 | 登录号 | 条形码 | 馆藏地/架位号 | 状态 | 备注 |
| 1 | 184243 | 201842435 | 自科库501/501自科库 9排2列2层/ [索取号:TB3/X503] | 在馆 | |
| 2 | 184244 | 201842444 | 自科库501/501自科库 9排2列2层/ [索取号:TB3/X503] | 在馆 | |
| 3 | 184245 | 201842453 | 期刊室512/501自科库 9排2列2层/ [索取号:TB3/X503] | 在馆 | |
| 4 | 184246 | 201842462 | 期刊室512/501自科库 9排2列2层/ [索取号:TB3/X503] | 在馆 | |
| 5 | 184247 | 201842471 | 期刊室512/501自科库 9排2列2层/ [索取号:TB3/X503] | 在馆 |